000 00282nam a22001337a 4500
999 _c55046
_d55046
008 200205b ||||| |||| 00| 0 eng d
041 _aeng
080 _2340
_a340
082 _a340
100 _a13
101 _aJUR
245 _aSituation Ethics
_cFletcher,J
942 _2udc
_cBK